OPAC Home

இலங்கையில் பிரித்தானிய ஆட்சி (Record no. 152844)

MARC details
000 -LEADER
fixed length control field 00524nam a22001817a 4500
003 - CONTROL NUMBER IDENTIFIER
control field LK-CoDNM
005 - DATE AND TIME OF LATEST TRANSACTION
control field 20240927101037.0
008 - FIXED-LENGTH DATA ELEMENTS--GENERAL INFORMATION
fixed length control field 240927b |||||||| |||| 00| 0 eng d
040 ## - CATALOGING SOURCE
Original cataloging agency LK-CoDNM
Modifying agency LK-CoDNM
Description conventions LK-CoDNM
041 ## - LANGUAGE CODE
Language code of text/sound track or separate title Tamil
080 ## - UNIVERSAL DECIMAL CLASSIFICATION NUMBER
Universal Decimal Classification number T
Item number A40
942 ## - ADDED ENTRY ELEMENTS (KOHA)
Koha item type Books
100 ## - MAIN ENTRY--PERSONAL NAME
Personal name Mendis,G.C
245 ## - TITLE STATEMENT
Title இலங்கையில் பிரித்தானிய ஆட்சி
246 ## - VARYING FORM OF TITLE
Title proper/short title Ilangajil Pirithaniya Adsi
260 ## - PUBLICATION, DISTRIBUTION, ETC. (IMPRINT)
Place of publication, distribution, etc. Colombo
Name of publisher, distributor, etc. Colombo Apothikkarish Company
Date of publication, distribution, etc. 1948
300 ## - PHYSICAL DESCRIPTION
Extent 196p ; 21cm
Holdings
Withdrawn status Lost status Damaged status Not for loan Collection code Permanent Location Current Location Shelving location Date acquired Full call number Barcode Koha item type
    Damaged   Old Books Collection Library National Museum Colombo - Sri Lanka Library National Museum Colombo - Sri Lanka Reference 2024-09-27 T A40 TA040 Books
Copyright © 2023 Department of National Museum, Colombo 07, Sri Lanka Funded by UNESCO IFAP UNESCO